[Event "Tourn. n8839"]
[Site "www.chess-mail.com"]
[Date "2016.07.12"]
[Round "1"]
[White "Nulladies"]
[Black "Cal"]
[WhiteElo "1550"]
[BlackElo "1650"]
[Result "1/2-1/2"]
[Round "1"]
1.d4 d5
2.Bc1f4 h6
3.Ng1f3 Ng8f6
4.e3 a6
5.Bf1d3 e6
6.c3 Nb8c6
7.Nf3e5 Bf8d6
8.Nb1d2 Bd6xe5
9.dxe5 Nf6d7
10.Nd2f3 b5
11.Nf3d4 Nc6xd4
12.exd4 Bc8b7
13.Qd1g4 Rh8g8
14.Bf4xh6 g6
15.h4 Qd8e7
16.Bh6g5 Qe7f8
17.O-O-O c5
18.Kb1 c4
19.Bd3c2 a5
20.h5 f5
21.Qg4f4 Nd7b6
22.h6 Rg8h8
23.Bg5f6 Rh8h7
24.g4 b4
25.Qf4e3 a4
26.cxb4 Qf8f7
27.g5 Qf7c7
28.a3 Kf7
29.Rd1c1 Ra8b8
30.Bc2d3 Qc7d7
31.Bd3e2 Bb7a6
32.Rc1c3 Nb6c8
33.Be2d1 Nc8a7
34.b3 axb3
35.Bd1xb3 cxb3
36.Rh1c1 Ba6c4
37.Kb2 Na7b5
38.Rc3xb3 Bc4xb3
39.Kxb3 Qd7a7
40.Rc1a1 Nb5xd4
41.Kb2 Qa7a4
42.Qe3xd4 Qa4b5
43.a4 Qb5e2
44.Kb3 Kg8
45.Ra1a2 Qe2f3
46.Qd4c3 Qf3d1
47.Ka3 Qd1b1
48.Bf6g7 Qb1g1
49.Qc3c7 Rb8e8
50.Qc7d7 Qg1c1
51.Ra2b2 Qc1c3
52.Ka2 Qc3c4
53.Ka3 Qc4c3
54.Ka2 { draw }
1/2-1/2

[Event "Tourn. n8876"]
[Site "www.chess-mail.com"]
[Date "2016.07.12"]
[Round "1"]
[White "Jhzes"]
[Black "Picifarkinca"]
[WhiteElo "1880"]
[BlackElo "2000"]
[Result "1/2-1/2"]
[Round "1"]
1.d4 e6
2.Ng1f3 c5
3.e4 d5
4.exd5 exd5
5.dxc5 Bf8xc5
6.Qd1e2 Qd8e7
7.Qe2xe7 Ng8xe7
8.Bc1f4 O-O
9.Bf4xb8 { draw }
1/2-1/2

[Event "Tourn. n8808"]
[Site "www.chess-mail.com"]
[Date "2016.07.12"]
[Round "1"]
[White "Genius9"]
[Black "Guzenko"]
[WhiteElo "1830"]
[BlackElo "1840"]
[Result "0-1"]
[Round "1"]
1.d4 d5
2.c4 e6
3.Nb1c3 Bf8b4
4.e3 Nb8c6
5.Ng1f3 Ng8f6
6.Bf1e2 Nf6e4
7.Bc1d2 Ne4xd2
8.Qd1xd2 a6
9.a3 Bb4xc3
10.Qd2xc3 O-O
11.O-O Rf8e8
12.cxd5 exd5
13.b4 Qd8f6
14.Rf1e1 Qf6d6
15.Ra1b1 Bc8g4
16.h3 Bg4f5
17.Be2d3 Nc6a7
18.Bd3xf5 g6
19.Bf5c2 f6
 { time }
0-1

[Event "Tourn. n8748"]
[Site "www.chess-mail.com"]
[Date "2016.07.12"]
[Round "1"]
[White "Genius2"]
[Black "Derfel83"]
[WhiteElo "2040"]
[BlackElo "2010"]
[Result "0-1"]
[Round "1"]
1.e4 e6
2.d4 d5
3.exd5 exd5
4.Bf1d3 Bf8d6
5.Ng1e2 Ng8f6
6.Bc1f4 O-O
7.O-O Rf8e8
8.Bf4xd6 Qd8xd6
9.Ne2g3 Nb8c6
10.c3 Bc8d7
11.Nb1d2 Re8e7
12.Nd2f3 Ra8e8
13.Qd1c2 h6
14.Rf1e1 Bd7g4
15.Re1xe7 Re8xe7
16.Ng3f5 Bg4xf5
17.Bd3xf5 Nf6e4
18.Bf5xe4 dxe4
19.Nf3d2 e3
20.fxe3 Qd6e6
21.e4 Nc6a5
22.b3 b5
23.Ra1e1 f5
24.e5 g5
25.c4 bxc4
26.Nd2xc4 Na5c6
27.Qc2d3 Nc6b4
28.Qd3d2 Nb4d5
29.Nc4e3 Re7d7
30.Ne3xd5 Qe6xd5
31.Re1d1 c5
32.Qd2c2 cxd4
33.Qc2c4 Kf7
 { time }
0-1

[Event "Tourn. n8813"]
[Site "www.chess-mail.com"]
[Date "2016.07.12"]
[Round "1"]
[White "Jackbauer"]
[Black "Genius9"]
[WhiteElo "1870"]
[BlackElo "1840"]
[Result "1-0"]
[Round "1"]
1.e4 c5
2.f4 Nb8c6
3.Ng1f3 d6
4.a3 g6
5.Bf1b5 Bf8g7
6.Bb5xc6 bxc6
7.O-O Ng8f6
8.Rf1e1 O-O
9.Nb1c3 d5
10.Nf3e5 Qd8c7
11.d4 cxd4
12.Qd1xd4 Bc8b7
13.Qd4d3 Nf6xe4
14.Nc3xe4 dxe4
15.Re1xe4  { time }
1-0

[Event "Tourn. n8708"]
[Site "www.chess-mail.com"]
[Date "2016.07.12"]
[Round "1"]
[White "Greghghs"]
[Black "Ejner"]
[WhiteElo "2350"]
[BlackElo "2249"]
[Result "1/2-1/2"]
[Round "1"]
1.e4 c5
2.Ng1f3 e6
3.d4 cxd4
4.Nf3xd4 Ng8f6
5.Nb1c3 Nb8c6
6.Nd4b5 d6
7.Bc1f4 e5
8.Bf4g5 a6
9.Nb5a3 b5
10.Bg5xf6 gxf6
11.Nc3d5 Bf8g7
12.Bf1d3 Nc6e7
13.Nd5xe7 Qd8xe7
14.c4 f5
15.O-O O-O
16.Qd1h5 Ra8b8
17.exf5 e4
18.Ra1e1 Bc8b7
19.cxb5 d5
20.Re1e3 Bg7xb2
21.bxa6 Bb7a8
22.Na3b5 f6
23.Rf1d1 Bb2e5
24.Bd3f1 Rf8f7
25.Nb5d4 Be5xd4
26.Rd1xd4 Qe7e5
27.Qh5d1 Rf7c7
28.a4 Rb8c8
29.Qd1g4 Rc7g7
30.Qg4d1 Rg7c7
31.Qd1g4 Rc7g7
{ draw }
1/2-1/2

[Event "Tourn. n8827"]
[Site "www.chess-mail.com"]
[Date "2016.07.12"]
[Round "1"]
[White "Tevere"]
[Black "Genius9"]
[WhiteElo "1940"]
[BlackElo "1850"]
[Result "1-0"]
[Round "1"]
1.d4 Ng8f6
2.c4 g6
3.Nb1c3 d5
4.cxd5 Nf6xd5
5.e4 Nd5xc3
6.bxc3 Bf8g7
7.Bf1c4 O-O
8.Ng1e2 Nb8c6
9.Bc4d3 e6
10.O-O b6
11.Rf1e1  { time }
1-0

[Event "Match"]
[Site "www.echecsemail.com"]
[Date "2016.07.12"]
[Round "1"]
[White "Wwgia"]
[Black "Tbsundar"]
[WhiteElo "2060"]
[BlackElo "2040"]
[Result "0-1"]
[Round "1"]
1.d4 d5
2.c4 c6
3.Nb1c3 e6
4.Ng1f3 Ng8f6
5.Bc1g5 Nb8d7
6.e3 h6
7.Bg5h4 g5
8.Bh4g3 { time. }
0-1

[Event "Match"]
[Site "www.echecsemail.com"]
[Date "2016.07.12"]
[Round "1"]
[White "Genius2"]
[Black "Glenno"]
[WhiteElo "2080"]
[BlackElo "2440"]
[Result "0-1"]
[Round "1"]
1.d4 Ng8f6
2.Bc1g5 Nf6e4
3.Bg5f4 c5
4.c3 e6
5.e3 d5
6.Ng1f3 Nb8c6
7.Nb1d2 Ne4xd2
8.Qd1xd2 Bf8d6
9.Bf4xd6 Qd8xd6
10.Bf1e2 O-O
11.O-O f6
12.Be2b5 cxd4
13.exd4 e5
14.Bb5xc6 bxc6
15.dxe5 fxe5
16.Rf1e1 Rf8f5
17.Ra1d1 Qd6f6
18.Re1e3 Bc8a6
19.Rd1e1 e4
20.Nf3d4 Rf5e5
21.f3 c5
22.Nd4c2 Ra8d8
23.fxe4 dxe4
24.Qd2f2 Re5f5
 { time }
0-1

[Event "Match"]
[Site "www.echecsemail.com"]
[Date "2016.07.12"]
[Round "1"]
[White "Gilliere"]
[Black "Ditto"]
[WhiteElo "2040"]
[BlackElo "1630"]
[Result "1-0"]
[Round "1"]
1.d4 d5
2.c4 e6
3.c5 c6
4.e3 Bf8e7
5.Nb1c3 Ng8f6
6.Ng1f3 O-O
7.Bf1d3 Nb8d7
8.O-O b6
9.b4 Qd8c7
10.a4 bxc5
11.bxc5 e5
12.Rf1e1 Nf6g4
13.h3 Ng4f6
14.Bc1a3 e4
15.Nf3e5 Nd7xe5
16.dxe5 Qc7xe5
17.Nc3xe4 dxe4
18.Bd3e2 Be7d8
19.Qd1d6 Qe5g5
20.Qd6h2 Bc8e6
21.f4 Qg5d5
22.Re1d1 Qd5f5
23.g4 Qf5g6
24.Kh1 Nf6d5
25.f5 Be6xf5
26.gxf5 Qg6xf5
27.Be2g4 Qf5g5
28.Ba3c1 Nd5f6
29.Rd1g1 Qg5xc5
30.Bc1a3 Qc5xe3
31.Ba3xf8 Kxf8
32.Rg1e1 Qe3g5
33.Qh2d6 Kg8
34.Qd6xc6 Ra8b8
35.Qc6d6 Bd8b6
36.Qd6xb8 { resign }
1-0

[Event "Match"]
[Site "www.echecsemail.com"]
[Date "2016.07.12"]
[Round "1"]
[White "Pariolinius"]
[Black "Darknight"]
[WhiteElo "1720"]
[BlackElo "1710"]
[Result "1-0"]
[Round "1"]
1.e4 e5
2.d4 Bf8d6
3.dxe5 Bd6xe5
4.Ng1f3 Be5d6
5.Nb1c3 Bd6b4
6.Bf1c4 d6
7.O-O h6
8.Bc1d2 Bb4c5
9.Qd1e2 c6
10.Ra1d1 Bc8g4
11.Bd2f4 h5
12.h3 Bg4xf3
13.Qe2xf3 Qd8f6
14.Rf1e1 Qf6g6
15.e5 d5
16.Bc4d3 Qg6e6
17.Nc3a4 Nb8d7
18.Na4xc5 Nd7xc5
19.b3 a6
20.Bd3f1 O-O-O
21.Qf3c3 Nc5e4
22.Qc3b4 Ng8e7
23.c4 Rd8g8
24.Qb4b6 Ne4c3
25.Rd1d2 g5
26.Bf4h2 h4
27.f3 Qe6h6
28.e6 dxc4
29.Qb6c7 
1-0

[Event "Match"]
[Site "www.echecsemail.com"]
[Date "2016.07.12"]
[Round "1"]
[White "Chapi"]
[Black "Sundar"]
[WhiteElo "2160"]
[BlackElo "2150"]
[Result "1-0"]
[Round "1"]
1.d4 d5
2.c4 c6
3.cxd5 cxd5
4.Nb1c3 e6
5.Ng1f3 Ng8f6
6.Bc1g5 h6
7.Bg5h4 Nb8d7
8.e4 dxe4
9.Nc3xe4 Qd8a5
10.Ne4c3 Bf8b4
11.Qd1d3  { time }
1-0

[Event "Match"]
[Site "www.echecsemail.com"]
[Date "2016.07.12"]
[Round "1"]
[White "Claudia"]
[Black "Nulladies"]
[WhiteElo "1810"]
[BlackElo "1499"]
[Result "1-0"]
[Round "1"]
1.d4 Ng8f6
2.c4 e6
3.Nb1c3 Bf8b4
4.e3 Bb4xc3
5.bxc3 d6
6.Bf1d3 Nb8c6
7.Ng1f3 O-O
8.O-O e5
9.e4 Bc8g4
10.d5 Nc6e7
11.h3 Bg4d7
12.Nf3h2 Ne7g6
13.Bc1e3 c5
14.Ra1b1 b6
15.Bd3e2 Nf6xe4
16.Qd1c2 f5
17.Be2d3 Ne4g5
18.f4 e4
19.Bd3e2 Ng5f7
20.g4 fxg4
21.hxg4 Rf8e8
22.Be2d1 Qd8h4
23.Qc2g2 Qh4d8
24.Bd1c2 Ng6h4
25.Qg2g3 Nf7h6
26.f5 Nh4xf5
27.gxf5 Nh6xf5
28.Qg3g5 h6
29.Qg5xd8 Ra8xd8
30.Be3f4 e3
31.Rb1e1 b5
32.cxb5 g5
33.Bc2xf5 e2
34.Rf1f2 Bd7xf5
35.Bf4xg5 Bf5d3
36.Bg5xd8 Re8xd8
37.Re1xe2 Bd3xe2
38.Rf2xe2 Rd8f8
39.Re2e6 Rf8b8
40.c4 { resign }
1-0

[Event "Match"]
[Site "www.echecsemail.com"]
[Date "2016.07.12"]
[Round "1"]
[White "Add"]
[Black "Sundar"]
[WhiteElo "2010"]
[BlackElo "2150"]
[Result "1-0"]
[Round "1"]
1.e4 e5
2.Ng1f3 Nb8c6
3.Bf1c4 Bf8e7
4.Nb1c3 Ng8f6
5.h3 d6
6.O-O O-O
7.d3 Bc8e6
8.Bc4xe6 fxe6
9.Nf3g5 Qd8d7
10.Ng5f3 d5
11.exd5  { time }
1-0

[Event "Match"]
[Site "www.echecsemail.com"]
[Date "2016.07.12"]
[Round "1"]
[White "Genius2"]
[Black "Geodad5"]
[WhiteElo "2080"]
[BlackElo "2130"]
[Result "0-1"]
[Round "1"]
1.d4 d5
2.Nb1c3 e6
3.e4 dxe4
4.Nc3xe4 Bf8e7
5.Ng1f3 Ng8f6
6.Bf1d3 O-O
7.Ne4xf6 Be7xf6
8.c3 Bc8d7
9.O-O Bd7c6
10.Qd1e2 Nb8d7
11.Bc1f4 Bc6xf3
12.Qe2xf3 c6
13.Rf1e1 g6
14.Ra1d1 Bf6g7
15.Bd3c2 Nd7b6
16.Bc2b3 Nb6d5
17.Bb3xd5 cxd5
18.Bf4e5 Qd8b6
19.Be5xg7 Kxg7
20.Qf3e2 Ra8c8
21.Rd1d2 Qb6c7
22.Qe2e5 Qc7xe5
 { time }
0-1

[Event "Match"]
[Site "www.echecsemail.com"]
[Date "2016.07.12"]
[Round "1"]
[White "Shihchuliao"]
[Black "Jhzes"]
[WhiteElo "2020"]
[BlackElo "1809"]
[Result "1-0"]
[Round "1"]
1.e4 e6
2.Ng1f3 d5
3.e5 a6
4.d4 Nb8c6
5.a3 Bc8d7
6.b4 b5
7.c3 f6
8.Bc1b2 fxe5
9.dxe5 g6
10.Nb1d2 Bf8g7
11.Qd1e2 g5
12.g4 h6
13.h4 Ng8e7
14.hxg5 Ne7g6
15.Bb2c1 hxg5
16.Rh1xh8 Bg7xh8
17.Qe2e3 Nc6xe5
18.Nf3xe5 Ng6xe5
19.Bf1h3 Qd8f6
20.Bc1b2 Ne5c4
21.Nd2xc4 dxc4
22.Ra1d1 e5
23.Qe3d2 Ra8d8
24.Bb2c1 Qf6f3
25.Qd2xg5 Qf3xh3
26.Qg5g8 Ke7
27.Bc1g5 Bh8f6
28.Bg5xf6 Kxf6
29.Qg8xd8 Kg6
30.Qd8g8 Kf6
31.Qg8f8 Kg5
32.Qf8e7 Kf4
33.Qe7xd7 Qh3h1
34.Kd2 Qh1e4
35.Rd1e1 Qe4f3
36.Qd7f5 { resign }
1-0

[Event "1/64 Finale"]
[Site "www.chess-mail.com"]
[Date "2016.07.12"]
[Round "1"]
[White "Ssharp"]
[Black "Raven16"]
[WhiteElo "2190"]
[BlackElo "2250"]
[Result "0-1"]
[Round "1"]
1.e4 e5
2.Ng1f3 Nb8c6
3.Bf1c4 Ng8f6
4.Nb1c3 Nf6xe4
5.Nc3xe4 d5
6.Bc4d3 dxe4
7.Bd3xe4 Bf8d6
8.d4 exd4
9.Be4xc6 bxc6
10.Qd1xd4 O-O
11.O-O Bc8b7
 { time }
0-1

[Event "1/64 Finale"]
[Site "www.chess-mail.com"]
[Date "2016.07.12"]
[Round "1"]
[White "Ssharp"]
[Black "Szustan"]
[WhiteElo "2190"]
[BlackElo "2580"]
[Result "0-1"]
[Round "1"]
1.e4 e5
2.Ng1f3 Nb8c6
3.Bf1c4 Ng8f6
4.Nf3g5 d5
5.exd5 b5
6.Bc4f1 Qd8xd5
7.Nb1c3 Qd5c5
8.Bf1xb5 Bf8e7
 { time }
0-1

[Event "Fast Game"]
[Site "www.echecsemail.com"]
[Date "2016.07.12"]
[Round "1"]
[White "Cal"]
[Black "Judge74"]
[WhiteElo "1650"]
[BlackElo "1599"]
[Result "1-0"]
[Round "1"]
1.c4 b6
2.e4 e6
3.d4 c5
4.d5 Bc8b7
5.Ng1f3 Ng8f6
6.Bc1g5 Bf8e7
7.d6 Be7f8
8.e5 h6
9.Bg5h4 g5
10.Bh4g3 Nf6e4
11.Bf1d3 Ne4xg3
12.fxg3 Nb8c6
13.Bd3e4 Qd8c8
14.Nb1c3 Bf8g7
15.O-O  { time }
1-0

[Event "Fast Game"]
[Site "www.echecsemail.com"]
[Date "2016.07.12"]
[Round "1"]
[White "Judge74"]
[Black "Pellix84"]
[WhiteElo "1599"]
[BlackElo "1650"]
[Result "0-1"]
[Round "1"]
1.c4 Ng8f6
2.Nb1c3 e6
3.e4 d5
4.e5 d4
5.exf6 dxc3
6.bxc3 Qd8xf6
7.Ng1f3 c5
8.Bf1d3 Bf8d6
9.Bc1a3 Nb8d7
10.Qd1a4 O-O
11.Ra1b1 b6
12.Nf3d4 Qf6e5
13.Bd3e2 cxd4
14.cxd4 Qe5xd4
15.Ba3b2 Qd4e4
16.d3 Qe4g6
17.g3 Nd7c5
18.Qa4d1 Bc8b7
19.Rh1g1 Rf8e8
20.h4 e5
21.Bb2a3 e4
22.d4 Nc5d3
 { time }
0-1

[Event "Tourn. n8761"]
[Site "www.chess-mail.com"]
[Date "2016.07.13"]
[Round "1"]
[White "Claudia"]
[Black "Paul30"]
[WhiteElo "1810"]
[BlackElo "2010"]
[Result "0-1"]
[Round "1"]
1.d4 Ng8f6
2.c4 g6
3.Nb1c3 Bf8g7
4.e4 d6
5.h3 O-O
6.Bc1g5 c5
7.d5 Nb8d7
8.Ng1f3 a6
9.a4 h6
10.Bg5e3 Rf8e8
11.Bf1d3 e6
12.O-O exd5
13.exd5 b6
14.Qd1d2 g5
15.Ra1e1 Ra8b8
16.Nc3e2 b5
17.axb5 axb5
18.b3 bxc4
19.bxc4 Nf6e4
20.Qd2c1 Nd7f6
21.Qc1c2 Bc8f5
22.Ne2g3 Ne4xg3
23.fxg3 Bf5xd3
24.Qc2xd3 Nf6e4
25.Kh2 f5
26.Re1b1 Qd8e7
27.Be3g1 Rb8xb1
28.Rf1xb1 Bg7e5
29.Nf3xe5 Qe7xe5
30.Rb1b7 h5
31.Qd3f3 h4
32.Qf3h5 hxg3
33.Kh1 Ne4f2
{ resign }
0-1

[Event "Tourn. n8816"]
[Site "www.chess-mail.com"]
[Date "2016.07.13"]
[Round "1"]
[White "Osopanda"]
[Black "Jhzes"]
[WhiteElo "1960"]
[BlackElo "1960"]
[Result "0-1"]
[Round "1"]
1.c4 g6
2.d4 e6
3.e4 c5
4.Ng1f3 d5
5.cxd5 exd5
6.e5 cxd4
7.Qd1xd4 Bf8g7
8.Nb1c3 Ng8e7
9.Bf1b5 Bc8d7
10.a4 a6
11.Bb5xd7 Nb8xd7
12.O-O O-O
13.Rf1e1 Ne7c6
14.Qd4xd5 Nd7xe5
15.Qd5xd8 Ra8xd8
16.Bc1g5 Rd8c8
17.Nf3xe5 Nc6xe5
18.Bg5e7 Rf8e8
19.Be7d6 Ne5c4
20.Bd6e7 Nc4xb2
21.Nc3d5 Nb2d3
22.Ra1b1 Nd3xe1
23.Rb1xe1 Rc8c5
24.Re1d1 Rc5xd5
{ resign }
0-1

[Event "Tourn. n8837"]
[Site "www.chess-mail.com"]
[Date "2016.07.13"]
[Round "1"]
[White "Pimpampum"]
[Black "Osopanda"]
[WhiteElo "2180"]
[BlackElo "2000"]
[Result "1-0"]
[Round "1"]
1.Ng1f3 d5
2.c4 c6
3.b3 Ng8f6
4.Bc1b2 g6
5.g3 Bf8g7
6.Bf1g2 O-O
7.O-O Nb8d7
8.d3 Rf8e8
9.Nb1d2 e5
10.e4 dxe4
11.Nd2xe4 Nf6xe4
12.dxe4 Nd7c5
13.Qd1xd8 Re8xd8
14.Nf3xe5 Bc8e6
15.Rf1d1 Kf8
16.Kf1 f6
17.Ne5f3 Nc5xe4
18.Ke2 Be6g4
19.h3 Bg4e6
20.Nf3d4 Ne4c5
21.b4 Be6xc4
22.Ke3 Nc5a4
23.Bb2a3 Kf7
24.Ra1c1 Bc4xa2
25.b5 Ba2d5
26.Bg2xd5 cxd5
27.Rc1c7 Kg8
28.Nd4e6 Bg7h6
29.Kd4 Rd8e8
30.Kxd5 Ra8c8
31.Rd1c1 Na4b6
32.Kd6 Rc8xc7
33.Rc1xc7 Nb6c8
34.Kd7 Kf7
35.Ne6d8 { resign }
1-0

[Event "Tourn. n8834"]
[Site "www.chess-mail.com"]
[Date "2016.07.13"]
[Round "1"]
[White "Hansen"]
[Black "Falcoale"]
[WhiteElo "1590"]
[BlackElo "1630"]
[Result "1-0"]
[Round "1"]
1.e4 c5
2.c3 Nb8c6
3.Bf1c4 e6
4.Ng1h3 Nc6e5
5.b3 Ng8f6
6.f4 Ne5c6
7.g3 Nf6xe4
8.Rh1f1 d5
9.Bc4b5 Bc8d7
10.Bb5xc6 Bd7xc6
11.f5 Qd8e7
12.d3 Ne4d6
13.Bc1g5 f6
14.Bg5e3 Nd6xf5
15.Be3f2  { time }
1-0

[Event "Tourn. n8841"]
[Site "www.chess-mail.com"]
[Date "2016.07.13"]
[Round "1"]
[White "Frisker"]
[Black "Osopanda"]
[WhiteElo "2119"]
[BlackElo "2010"]
[Result "1-0"]
[Round "1"]
1.d4 d5
2.Ng1f3 e6
3.c4 Ng8f6
4.Nb1c3 c6
5.g3 Bf8e7
6.Bf1g2 Nb8d7
7.O-O O-O
8.b3 Qd8c7
9.Bc1b2 Rf8e8
10.Qd1c2 e5
11.dxe5 Nf6g4
12.cxd5 cxd5
13.Qc2d2 Nd7b6
14.Nc3xd5 Nb6xd5
15.Qd2xd5 Bc8e6
16.Qd5e4 Be7c5
17.e3 Ra8d8
18.Ra1c1 Qc7b6
19.Nf3g5 Ng4xe3
20.Rc1xc5 Ne3xf1
21.Qe4xh7 Kf8
22.Bb2a3 { resign }
1-0

[Event "Tourn. n8793"]
[Site "www.chess-mail.com"]
[Date "2016.07.13"]
[Round "1"]
[White "Romaamor69"]
[Black "Jhzes"]
[WhiteElo "2230"]
[BlackElo "2400"]
[Result "1-0"]
[Round "1"]
1.Ng1f3 d5
2.d4 Bc8f5
3.g3 e6
4.Bf1g2 Ng8f6
5.O-O Nb8c6
6.c4 dxc4
7.Qd1a4 Bf5xb1
8.Ra1xb1 Qd8d5
9.Nf3e5 Nf6e4
10.Ne5xc6 bxc6
11.Bc1e3 a5
12.Rf1c1 f5
13.Qa4xc4 Qd5xc4
14.Rc1xc4 Ra8a6
15.Rb1c1 Kd7
16.f3 Ne4d6
17.Rc4c2 h5
18.Be3f4 Nd6b5
19.a4 Nb5xd4
20.Rc1d1 c5
21.e3 Kc8
22.exd4 h4
23.dxc5 Ra6c6
24.Rd1c1 Bf8e7
25.Bg2f1 g5
26.Bf4e5 Rh8h5
27.Bf1b5 Be7xc5
28.Rc2xc5 Rc6xc5
29.Rc1xc5 hxg3
30.Rc5xc7 Kd8
31.hxg3 f4
32.Rc7a7 fxg3
33.Be5d6 Rh5h2
34.Ra7a8 { resign }
1-0

[Event "Tourn. n8814"]
[Site "www.chess-mail.com"]
[Date "2016.07.13"]
[Round "1"]
[White "Nulladies"]
[Black "A27l"]
[WhiteElo "1419"]
[BlackElo "1230"]
[Result "1-0"]
[Round "1"]
1.d4 d5
2.Bc1f4 e6
3.c3 h6
4.Ng1f3 Bf8d6
5.Nf3e5 Bd6xe5
6.dxe5 Ng8e7
7.e3 O-O
8.Qd1g4 Kh7
9.Nb1d2 f5
10.Qg4h3 Ne7g6
11.Nd2f3 Ng6xf4
12.exf4 Kg8
13.Nf3d4 Nb8c6
14.Nd4xc6 bxc6
15.Bf1e2 a5
16.O-O Bc8d7
17.Ra1d1 Bd7e8
18.Rd1d3 Be8f7
19.Be2d1 Qd8d7
20.Bd1a4 Ra8b8
21.Rf1b1 Rb8b7
22.g4 Bf7g6
23.Rd3d4 fxg4
24.Qh3f1  { time }
1-0

[Event "Tourn. n8779"]
[Site "www.chess-mail.com"]
[Date "2016.07.13"]
[Round "1"]
[White "B0zata"]
[Black "Genius2"]
[WhiteElo "2170"]
[BlackElo "2080"]
[Result "1-0"]
[Round "1"]
1.d4 Ng8f6
2.c4 e6
3.Bc1g5 Bf8e7
4.Nb1c3 d5
5.cxd5 exd5
6.e3 O-O
7.Ng1f3 c6
8.h3 Nb8d7
9.Bf1d3 Rf8e8
10.O-O h6
11.Bg5h4 Nd7f8
12.Bh4xf6 Be7xf6
13.a4 Nf8e6
14.b4 Ne6g5
15.Nf3xg5 Bf6xg5
16.b5 Bc8e6
17.Ra1b1 Ra8c8
18.bxc6 bxc6
19.Rb1b7 Rc8c7
20.Qd1b3 Qd8d7
21.Rf1b1 Re8c8
22.a5 g6
23.Bd3a6 Rc7xb7
24.Qb3xb7 Rc8c7
25.Qb7b8 Kg7
26.Rb1b7 Rc7xb7
27.Qb8xb7 Qd7xb7
28.Ba6xb7 Be6d7
29.Nc3a4 Bg5d8
30.a6 Bd8e7
31.Na4b2 Be7b4
32.Nb2d3 Kf8
33.Nd3xb4 Ke7
34.Nb4xc6 Bd7xc6
35.Bb7xc6  { time }
1-0

[Event "Tourn. n8843"]
[Site "www.chess-mail.com"]
[Date "2016.07.13"]
[Round "1"]
[White "Falcoale"]
[Black "Attatroll"]
[WhiteElo "1670"]
[BlackElo "1910"]
[Result "0-1"]
[Round "1"]
1.e4 d6
2.d4 Ng8f6
3.Nb1c3 g6
4.Ng1f3 Bf8g7
5.Bf1d3 O-O
6.O-O a6
7.h3 Nb8c6
8.Bc1g5 Nc6b4
 { time }
0-1

[Event "Tourn. n8792"]
[Site "www.chess-mail.com"]
[Date "2016.07.13"]
[Round "1"]
[White "A27l"]
[Black "Nulladies"]
[WhiteElo "1230"]
[BlackElo "1499"]
[Result "0-1"]
[Round "1"]
1.e4 c5
2.d3 g6
3.Ng1f3 Bf8g7
4.Bf1e2 Nb8c6
5.c3 Ng8f6
6.O-O d5
7.exd5 Nf6xd5
8.h3 O-O
9.Nf3h2 Qd8d6
10.f4 Bg7h6
11.Be2g4 Nd5xf4
12.Qd1f3 Nc6e5
13.Qf3d1 Bc8xg4
14.Nh2xg4 Ne5xg4
15.Bc1xf4 e5
16.Bf4xh6 Ng4xh6
17.Nb1a3 Qd6b6
18.Na3c4 Qb6c7
19.Nc4e3 b5
20.Qd1d2 Ra8d8
21.Qd2e2 Qc7e7
22.Rf1f2 Qe7e6
23.b3 f5
24.c4 a6
 { time }
0-1

[Event "Tourn. n8773"]
[Site "www.chess-mail.com"]
[Date "2016.07.13"]
[Round "1"]
[White "Comrade"]
[Black "Genius2"]
[WhiteElo "2190"]
[BlackElo "2080"]
[Result "1-0"]
[Round "1"]
1.c4 e5
2.Nb1c3 f5
3.Ng1f3 Nb8c6
4.d3 Ng8f6
5.Bc1d2 Bf8b4
6.a3 Bb4xc3
7.Bd2xc3 d6
8.e3 O-O
9.Bf1e2 Nc6e7
10.Qd1c2 c6
11.O-O-O Qd8c7
12.h4 a6
13.h5 Bc8e6
14.h6 g6
15.Nf3g5 Be6f7
16.f4 Nf6d7
17.g4 b5
18.Rh1g1 Nd7b6
19.c5  { time }
1-0

[Event "Tourn. n8862"]
[Site "www.chess-mail.com"]
[Date "2016.07.13"]
[Round "1"]
[White "Kampungboy"]
[Black "Orhany24"]
[WhiteElo "2220"]
[BlackElo "2160"]
[Result "1-0"]
[Round "1"]
1.e4 e5
2.f4 exf4
3.Ng1f3 d5
4.exd5 Qd8xd5
5.Nb1c3 Qd5d8
6.d4 Bf8d6
7.Bf1c4 Ng8f6
8.O-O O-O
9.Nf3e5 c5
10.Bc1xf4 cxd4
11.Qd1xd4 a6
12.Ne5xf7 { resign }
1-0

[Event "Tourn. n8733"]
[Site "www.chess-mail.com"]
[Date "2016.07.13"]
[Round "1"]
[White "Johnmcbride"]
[Black "Falcoale"]
[WhiteElo "1830"]
[BlackElo "1760"]
[Result "1-0"]
[Round "1"]
1.d4 Ng8f6
2.c4 b6
3.Ng1f3 Bc8b7
4.g3 e6
5.Bf1g2 Bf8e7
6.O-O O-O
7.Nb1c3 d5
8.Nf3e5 a6
9.cxd5 Nf6xd5
10.Bc1d2 Nd5xc3
11.Bd2xc3 Bb7xg2
12.Kxg2 f6
13.Ne5f3 Nb8c6
14.a3 Qd8e8
15.e3 Ra8d8
16.Qd1e2 a5
17.Rf1c1 Nc6b8
18.Kg1 Nb8c6
19.Rc1c2 Nc6a7
20.Ra1c1 Na7b5
21.Bc3d2 Nb5d6
22.Rc2xc7 Qe8f7
23.Rc7a7 Qf7e8
24.Rc1c7 Rf8f7
25.Qe2a6 Nd6c8
26.Ra7a8 Nc8d6
27.Ra8xd8 Be7xd8
28.Rc7xf7 Nd6xf7
29.Qa6c8 Kf8
30.Qc8c2 Kg8
31.b4 axb4
32.Bd2xb4 Qe8d7
33.Nf3d2 h6
34.Qc2b3 Nf7g5
35.f4 Ng5f7
36.Qb3c4 Bd8c7
37.Nd2b3 Kh8
38.Qc4c2 Nf7d6
39.Bb4xd6 Qd7xd6
40.a4 e5
41.Nb3d2  { time }
1-0

[Event "Tourn. n8870"]
[Site "www.chess-mail.com"]
[Date "2016.07.13"]
[Round "1"]
[White "Bojan"]
[Black "Picifarkinca"]
[WhiteElo "1930"]
[BlackElo "1980"]
[Result "1-0"]
[Round "1"]
1.b4 c5
2.b5 b6
3.e4 Bc8b7
4.Qd1f3 Ng8f6
5.Bf1d3 d6
6.c4 Nb8d7
7.Nb1c3 e6
8.Qf3h3 Bf8e7
9.Ng1e2 Nd7e5
10.Bd3c2 Ne5xc4
11.d3 Nc4e5
12.f4 Ne5g6
13.O-O Qd8c7
14.g3 O-O-O
15.f5 Ng6f8
16.g4 Kb8
17.g5 Nf6d7
18.Bc2b3 Nd7e5
19.Bc1f4 exf5
20.exf5 f6
21.g6 h6
22.Nc3d5 Qc7d7
23.a4 Nf8xg6
24.Bf4e3 Ng6f8
25.Ne2f4 g5
26.Nf4e6 Rd8c8
27.Nd5xe7 Qd7xe7
28.Be3d2 Nf8xe6
29.Bb3xe6 Rc8d8
30.Bd2c3 h5
31.Qh3e3 g4
32.Rf1f2 Ne5f3
33.Kf1 Nf3d4
34.Bc3xd4 cxd4
35.Qe3xd4 { resign }
1-0

[Event "Tourn. n8861"]
[Site "www.chess-mail.com"]
[Date "2016.07.13"]
[Round "1"]
[White "Bojan"]
[Black "Jhzes"]
[WhiteElo "1960"]
[BlackElo "1870"]
[Result "0-1"]
[Round "1"]
1.b4 e5
2.a3 b6
3.c4 d5
4.e3 d4
5.Qd1b3 dxe3
6.dxe3 Bc8e6
7.Bc1b2 Bf8d6
8.Nb1c3 Ng8f6
9.Bf1d3 O-O
10.Ng1f3 c5
11.Nc3e4 cxb4
12.Ne4xf6 Qd8xf6
13.axb4 Nb8c6
14.b5 Nc6e7
15.Bd3e4 Ra8c8
16.Qb3d3 Rf8d8
17.Be4xh7 Kh8
18.Qd3e4 Rc8xc4
19.Qe4b1 Bd6b4
20.Ke2 Be6g4
21.Bh7d3 Rc4c5
22.Ra1a4 Bg4xf3
23.gxf3 Bb4a5
24.Rh1g1 Rc5d5
25.Rg1d1 Ne7c8
26.Ra4a1 Nc8e7
27.Qb1a2 Rd5c5
28.Qa2b3 Ne7d5
29.Bd3c4 Qf6e6
30.Bc4xd5 Rc5xd5
31.Rd1xd5 Rd8xd5
32.Bb2c3 Rd5d2
{ resign }
0-1

[Event "Match"]
[Site "www.echecsemail.com"]
[Date "2016.07.13"]
[Round "1"]
[White "Pimpampum"]
[Black "Micheles"]
[WhiteElo "2190"]
[BlackElo "2560"]
[Result "0-1"]
[Round "1"]
1.d4 Ng8f6
2.c4 g6
3.Nb1c3 d5
4.cxd5 Nf6xd5
5.Qd1b3 Nd5xc3
6.bxc3 Bf8g7
7.Ng1f3 O-O
8.e3 c5
9.Bf1e2 Nb8c6
10.O-O Nc6a5
11.Qb3c2 cxd4
12.cxd4 Bc8e6
13.Bc1d2 Ra8c8
14.Qc2a4 Na5c6
15.Ra1b1 Qd8d7
16.Qa4b5 Be6xa2
17.Rb1b2 Ba2d5
18.Qb5a4 Rc8c7
19.Be2b5 a6
{ resign }
0-1

[Event "Match"]
[Site "www.echecsemail.com"]
[Date "2016.07.13"]
[Round "1"]
[White "Babedad"]
[Black "Xkafi"]
[WhiteElo "2029"]
[BlackElo "1890"]
[Result "1-0"]
[Round "1"]
1.b3 Ng8f6
2.Bc1b2 b6
3.e3 Bc8b7
4.Ng1f3 d6
5.c4 Nb8c6
6.d4 Nc6b4
7.Bf1e2 Bb7e4
8.Nb1a3 h6
9.O-O g5
10.Nf3d2 Be4b7
11.d5 c6
12.e4 cxd5
13.exd5 Rh8g8
14.Bb2xf6 exf6
15.Rf1e1 Kd7
16.Be2g4 Kc7
17.Na3b5 Kb8
18.Nd2e4 a6
19.Nb5d4 Bb7c8
20.a3 Bc8xg4
21.Qd1xg4 Nb4d3
22.Nd4c6 { resign }
1-0

[Event "Match"]
[Site "www.echecsemail.com"]
[Date "2016.07.13"]
[Round "1"]
[White "Mdesouza"]
[Black "Genius2"]
[WhiteElo "2300"]
[BlackElo "2070"]
[Result "1-0"]
[Round "1"]
1.e4 Ng8f6
2.e5 Nf6d5
3.Ng1f3 d6
4.d4 g6
5.c4 Nd5b6
6.exd6 exd6
7.Bf1d3 Bf8g7
8.Bc1e3 O-O
9.O-O Nb8c6
10.Nb1c3 Bc8g4
11.Bd3e2 Bg4xf3
12.Be2xf3 Nb6xc4
13.Bf3xc6 bxc6
14.b3 Nc4b6
15.Ra1c1 Nb6d5
16.Nc3xd5 cxd5
17.Qd1f3 Qd8d7
18.Qf3xd5 Ra8b8
19.Rc1c6 Rb8b6
20.Rf1c1 Rb6xc6
21.Rc1xc6 Rf8e8
22.h3  { time }
1-0